Music Quiz

Random Music or Song Quiz
Score 0/34 Timer 11:00
0 Plays Today
Lyrics Song % Correct
At first I was afraid, I was petrified / Kept thinking I could never live without you by my sideI WIll Survive - Gloria Gaynor
79.9%
Do a little dance, make a little love, [song title]Get Down Tonight - KC & The Sunshine Band
76.3%
Young man, there's no need to feel down / I said young man, pick yourself off the groundY.M.C.A. - Village People
74.8%
Well, you can tell by the way I use my walk, I'm a woman's man, no time to talkStayin' Alive - Bee Gees
74.1%
Voulez-vous coucher avec moi, ce soir? / Voulez-vous coucher avec moi?Lady Marmalade - LaBelle
72.7%
Her name was Lola, she was a showgirl / With yellow feathers in her hair and a dress cut down to thereCopacabana - Barry Manilow
66.2%
Get ready all you'll lonely girls and leave those umbrellas at homeIt's Raining Men - The Weather Girls
65.5%
Our love is like a ship on the ocean / we've been sailing with a cargo full of, love and devotionRock the Boat - Hues Corporation
62.6%
Friday night and the lights are low / Looking out for the place to goDancing Queen - Abba
61.9%
I was on the dance floor acting strange / Flapping my arms I began to cluckDisco Duck - Rick Dees & His Cast of Idiots
57.6%
You might not ever get rich / But let me tell ya it's better than diggin' a ditchCar Wash - Rose Royce
56.1%
Yeah, once I was a boogie singer / Playin' in a rock n' roll bandPlay That Funky Music - Wild Cherry
56.1%
There where funky China men from funky Chinatown / They were chopping them up, they were chopping them downKung Fu Fighting - Carl Douglas
54%
If you're thinkin' you're too cool to boogie, boy oh boy have I got news for youBoogie Oogie Oogie - A Taste of Honey
51.1%
Someone left the cake out in the rain / I don't think that I can take it 'cause it took so long to bake itMacArthur Park - Donna Summer
50.4%
I want to go where the people dance / I want some action, I want to liveI Love The Nightlife - Alicia Bridges
47.5%
My baby moves at midnight, goes right on till the dawn / My woman takes me higher, my woman keeps me warmYou Should Be Dancing - Bee Gees
45.3%
Lyrics Song % Correct
Have you heard about the new dance craze / Listen to us, I'm sure you'll be amazedLe Freak - Chic
44.6%
Come on now got to get it started / Dance with the boogie get down, 'cause [song title] are always the best in townBoogie Nights - Heatwave
41.7%
Funky sounds wall to wall / We're bumpin' booties, havin' us a ball, y'allShake Your Groove Thing - Peaches and Herb
40.3%
Satisfaction came in a chain reaction - Do you hear? / I couldn't get enough, so I had to self destruct,Disco Inferno - The Trammps
39.6%
Well lay back and relax while I put away the dishes / Then you and me can rock a bellRing My Bell - Anita Ward
38.1%
You've got a cute way of talking / You got the better of me / Just snap your fingers and I'm walking / Like a dog hanging on your leadYou Make Me Feel Like Dancing - Leo Sayer
36%
Jogging in the mornings, go man go / works out in the health spa, muscles glowMacho Man - Village People
35.3%
Ooo and it's alright and it's comin' 'long / We got to get [song title]Right Back Where We Started From - Maxine Nightingale
33.1%
I solve my problems and I see the light / We gotta plug and think, we gotta feed it rightGrease - Frankie Valli
31.7%
Woman, take me in your arms [song title] / Woman, take me in your arms [song title]Rock Your Baby - George McCrae
30.9%
She sits alone waiting for suggestions / he's so nervous avoiding all the questionsDa Ya Think I'm Sexy - Rod Stewart
28.1%
Baby, my heart is full of love and desire for you / Now come on down and do what you gotta doDon't Leave Me This Way - Thelma Houston
28.1%
One night in a disco on the outskirts of Frisco / I was cruisin' with my favorite gangHe's The Greatest Dancer - Sister Sledge
27.3%
I've been holding out so long / I've been sleeping all alone, Lord I...Miss You - The Rolling Stones
25.2%
Doesn't take much to make me happy and make me smile / Never never will I feel discouraged cause our love's no mysteryBest of My Love - Emotions
23%
I took my baby to the drive in show / She turned the speaker down, and then she turned on the radioBoogie Fever - Sylvers
20.1%
In between what I find is pleasing and I'm feeling fine / Love is so confusing there's no peace of mindHeart of Glass - Blondie
13.7%
Come Together.
Have Fun.
All Virtual.
We all need to come together. Play Sporcle's virtual live trivia to have fun, connect with people, and get your trivia on. Join a live hosted trivia game for your favorite pub trivia experience done virtually. If a virtual private party is more your thing, go here for details.

You're not logged in!

Compare scores with friends on all Sporcle quizzes.
OR
Log In

Sporcle TV

Today on Sporcle TV


Watch our educational content, quiz creation guides, and fun videos on Sporcle TV.

Show Comments

Extras

Created Mar 13, 2011ReportNominate
Tags:Song Quiz, disco

Top Quizzes Today


Score Distribution

Paid Content

Your Account Isn't Verified!

In order to create a playlist on Sporcle, you need to verify the email address you used during registration. Go to your Sporcle Settings to finish the process.

Report this User

Report this user for behavior that violates our Community Guidelines.

Details: